Mikroflóra oslieho mlieka

Enregistré dans:
Détails bibliographiques
Auteur principal: Labačková, Petra (Auteur)
Autres auteurs: Greifová, Mária (Directeur de thèse)
Format: Manuscrit Livre
Langue:slovaque
Publié: 2021
Sujets:
Accès en ligne:http://is.stuba.sk/zp/portal_zp.pl?podrobnosti=157617
Tags: Ajouter un tag
Pas de tags, Soyez le premier à ajouter un tag!

MARC

LEADER 00000ntm a22000003a 4500
001 stuzp83817
003 SK-STU
005 20210605210438.4
007 ta
008 150427s2015----xo-----f-mn---000-0-slo-d
040 |a STU  |b slo 
041 0 |a slo 
100 1 |a Labačková, Petra  |u 040250  |4 aut  |U FCHPT Ústav potravinárstva a výživy  |T FCHPT Oddelenie potravinárskej technológie  |X 88538  |U C0250  |Y 685  |7 88538 
242 0 1 |a Donkey milk microflora  |y eng 
245 1 0 |a Mikroflóra oslieho mlieka 
260 |c 2021 
650 4 |a kyslomliečne baktérie  |2 slo 
650 4 |a identifikácia mikroorganizmov  |2 slo 
650 4 |a MALDI-TOF  |2 slo 
650 4 |a Lactobacillus  |2 slo 
650 4 |a oslie mlieko  |2 slo 
650 4 |a donkey milk  |2 eng 
650 4 |a lactic acid bacteria  |2 eng 
650 4 |a microbial identification  |2 eng 
650 4 |a MALDI-TOF  |2 eng 
650 4 |a Lactobacillus  |2 eng 
700 1 |a Greifová, Mária  |u 040250  |k Z1  |4 ths  |U FCHPT Ústav potravinárstva a výživy  |T FCHPT Oddelenie potravinárskej technológie  |X 3880  |U C0250  |Y 685  |7 A000003880 
856 4 |u http://is.stuba.sk/zp/portal_zp.pl?podrobnosti=157617